Online
Catalog

Mujer rural, hoy mañana, ponencias, paneles, conclusiones generales y de talleres / (Record no. 7381)

MARC details
000 -CABECERA
campo de control de longitud fija 01135nam a2200265 a 4500
001 - NÚMERO DE CONTROL
campo de control 000007601
005 - FECHA Y HORA DE LA ÚLTIMA TRANSACCIÓN
campo de control 20250207130002.0
008 - DATOS DE LONGITUD FIJA--INFORMACIÓN GENERAL
campo de control de longitud fija 090909s1885 dr ad 000 0 spa d
040 ## - FUENTE DE LA CATALOGACIÓN
Centro catalogador/agencia de origen DO-SdBNP
Lengua de catalogación spa
Centro/agencia transcriptor BNPHU
082 ## - NÚMERO DE LA CLASIFICACIÓN DECIMAL DEWEY
Número de clasificación 305.42
Número de documento/Ítem C748m
111 1# - ENTRADA PRINCIPAL--NOMBRE DE CONGRESO/REUNIÓN
Nombre de congreso/reunión o jurisdicción como elemento de entrada Conferencia-Taller "Mujer rural hoy y mañana"
Fecha del congreso/reunión (1985 : 2-4 jul. :
Sede del congreso/Lugar de la reunión Santo Domingo, República Dominicana)
9 (RLIN) 21069
245 10 - MENCIÓN DE TÍTULO
Título Mujer rural, hoy mañana, ponencias, paneles, conclusiones generales y de talleres /
Mención de responsabilidad, etc. presentación Luz M. Abreu L.
260 ## - PUBLICACIÓN, DISTRIBUCIÓN, ETC.
Lugar de publicación, distribución, etc. Santo Domingo :
Nombre del editor, distribuidor, etc. MUDE,
Fecha de publicación, distribución, etc. 1885.
300 ## - DESCRIPCIÓN FÍSICA
Extensión 281 p. :
Otras características físicas il., tabls. ;
Dimensiones 21 cm.
504 ## - NOTA DE BIBLIOGRAFÍA, ETC.
Nota de bibliografía, etc. Bibliografía: p. 223
590 ## - NOTA LOCAL (RLIN)
Nota local Inventariado, 2018/MFF
650 #0 - PUNTO DE ACCESO ADICIONAL DE MATERIA--TÉRMINO DE MATERIA
Término de materia o nombre geográfico como elemento de entrada Mujeres en República Dominicana
9 (RLIN) 2066
650 #0 - PUNTO DE ACCESO ADICIONAL DE MATERIA--TÉRMINO DE MATERIA
Término de materia o nombre geográfico como elemento de entrada Mujeres en desarrollo rural
9 (RLIN) 21070
650 #4 - PUNTO DE ACCESO ADICIONAL DE MATERIA--TÉRMINO DE MATERIA
Término de materia o nombre geográfico como elemento de entrada Mujeres campesinas
Subdivisión geográfica República Dominicana
Subdivisión general Congresos, conferencias, etc.
9 (RLIN) 21071
650 #4 - PUNTO DE ACCESO ADICIONAL DE MATERIA--TÉRMINO DE MATERIA
Término de materia o nombre geográfico como elemento de entrada Mujeres
Subdivisión geográfica República Dominicana
Subdivisión general Condiciones sociales
9 (RLIN) 21072
650 #4 - PUNTO DE ACCESO ADICIONAL DE MATERIA--TÉRMINO DE MATERIA
Término de materia o nombre geográfico como elemento de entrada Mujeres en el desarrollo social
9 (RLIN) 21073
700 1# - PUNTO DE ACCESO ADICIONAL--NOMBRE DE PERSONA
Nombre de persona Abreu L., Luz M.
9 (RLIN) 21074
710 2# - PUNTO DE ACCESO ADICIONAL--NOMBRE DE ENTIDAD CORPORATIVA
Nombre de entidad corporativa o nombre de jurisdicción como elemento de entrada Mujeres en Desarrollo Dominicana
9 (RLIN) 21075
910 ## - DATOS DE OPCIÓN DEL USUARIO (OCLC)
Datos de opción del usuario Validado. Control de calidad EMS
Holdings
Estado de retiro Estado de pérdida No para préstamo Código de colección Localización permanente Ubicación/localización actual Ubicación en estantería Fecha de adquisición Número de inventario Total de préstamos Signatura topográfica completa Código de barras Fecha visto por última vez Precio válido a partir de Tipo de ítem Koha Número de copia Nota pública Restricciones de uso
    Excluido de préstamo Patrimonio Dominicano Patrimonio Dominicano Patrimonio Dominicano Depósito 09.09.2009 LF1   305.42 C748m 7601-10 25.06.2020 25.06.2020 Libro y Folleto Colección Patrimonio Dominicano      
  Extraviado Excluido de préstamo Patrimonio Dominicano Patrimonio Dominicano Patrimonio Dominicano Extraviado 08.05.2013 LF1   305.42 C748m 7601-20 25.06.2020 25.06.2020 Libro y Folleto Colección Patrimonio Dominicano e. 2 Perteneció a la biblioteca personal de Chiqui Vicioso / Fidelio Despradel.  
      Dominicana de Servicio Patrimonio Dominicano Patrimonio Dominicano Depósito 08.07.2015 LF1   305.42 C748m 7601-30 25.06.2020 25.06.2020 Libro y Folleto Colección Dominicana de Servicio e. 3 Perteneció a la biblioteca personal de Chiqui Vicioso / Fidelio Despradel.  

Powered by Koha